United Kingdom National Parks - Statistics

General Stats
  • This quiz has been taken 1,371 times
    1,336 since last reset
  • The average score is 9 of 15
Answer Stats
Location Park % Correct
Wales Snowdonia
90%
England Lake District
83%
England Peak District
79%
England Dartmoor
71%
Wales Brecon Beacons
67%
England Exmoor
61%
England New Forest
61%
England Yorkshire Dales
61%
England South Downs
52%
Wales Pembrokeshire Coast
51%
Scotland Cairngorms
50%
England North York Moors
43%
Scotland Loch Lomond and the Trossachs
41%
England Northumberland
39%
England The Broads
31%
No matching quizzes found
Score Distribution
Percent of People with Each Score
Percentile by Number Answered
Your Score History
You have not taken this quiz since the last reset